[Event "Gausdal Classics GM-B"]
[Site "Gausdal NOR"]
[Date "2005.04.18"]
[Round "6.2"]
[White "Akesson, Ralf"]
[Black "Hammer, Jon Ludvig"]
[Result "1-0"]
[WhiteElo "2481"]
[BlackElo "2303"]
[PlyCount "101"]
[EventDate "2005.04.14"]
[EventType "tourn"]
[EventRounds "9"]
[EventCountry "NOR"]
[EventCategory "7"]
[Source "lmi"]
[SourceDate "2005.04.22"]

1. d4 d5 2. c4 c6 3. Nc3 Nf6 4. e3 a6 5. Qc2 b5 6. b3 g6 7. Bd3 Bg7 8. Nf3 O-O
9. O-O Nbd7 10. Rd1 Qc7 11. Bb2 Bb7 12. Rac1 Rac8 13. a3 Rfd8 14. e4 dxe4 15.
Nxe4 Nxe4 16. Bxe4 bxc4 17. bxc4 f5 18. Bd3 c5 19. d5 e5 20. Rb1 Rb8 21. Bf1
Qd6 22. Ng5 Nf8 23. f3 Bc8 24. Re1 Bd7 25. Bc3 h6 26. Rxb8 Rxb8 27. Nh3 Bc8 28.
Nf2 Rb7 29. Nd3 Re7 30. Nf2 Nh7 31. Rb1 Ng5 32. Rb3 e4 33. Bxg7 Kxg7 34. Qb2+
Qf6 35. Qxf6+ Kxf6 36. f4 Nf7 37. Rb6+ Kg7 38. Rc6 Bb7 39. Rxc5 Nd6 40. Nd1 Kf6
41. Ne3 g5 42. g3 Rg7 43. Kf2 Rd7 44. Ra5 Ne8 45. Ra4 Ng7 46. Be2 Ke7 47. Rb4
Bc8 48. Rb6 Rd6 49. Rb8 Kd8 50. c5 Kc7 51. Rxc8+ 1-0

[Event "Gausdal Classics GM-B"]
[Site "Gausdal NOR"]
[Date "2005.04.18"]
[Round "6.3"]
[White "Reinderman, Dimitri"]
[Black "Barkhagen, Jonas"]
[Result "1/2-1/2"]
[WhiteElo "2509"]
[BlackElo "2461"]
[PlyCount "119"]
[EventDate "2005.04.14"]
[EventType "tourn"]
[EventRounds "9"]
[EventCountry "NOR"]
[EventCategory "7"]
[Source "lmi"]
[SourceDate "2005.04.22"]

1. e4 e6 2. d4 d5 3. Nc3 dxe4 4. Nxe4 Bd7 5. Nf3 Bc6 6. Bd3 Nd7 7. O-O Ngf6 8.
Ned2 Be7 9. Re1 O-O 10. c4 b6 11. b3 Bb4 12. Re3 Bd6 13. Bb2 Bb7 14. Ne5 Re8
15. Ndf3 h6 16. Nxd7 Nxd7 17. Bc2 Bf4 18. Re1 Nf8 19. Qe2 a5 20. Bc3 Bd6 21. h3
Bb4 22. Bxb4 axb4 23. Be4 Bxe4 24. Qxe4 Ng6 25. Re2 Ra5 26. Rc1 Qa8 27. Qxa8
Rexa8 28. Rcc2 Nf4 29. Red2 f6 30. h4 Kf7 31. g3 Ng6 32. d5 e5 33. h5 Ne7 34.
d6 cxd6 35. Rxd6 R8a6 36. Nh4 Nc8 37. Rd7+ Ke6 38. Rxg7 Rxa2 39. Rxa2 Rxa2 40.
Rc7 Na7 41. g4 Kd6 42. Rh7 Ra3 43. Kg2 Rxb3 44. Rxa7 Ra3 45. Nf5+ Kc6 46. Ne7+
Kc5 47. Rc7+ Kd6 48. Rb7 b3 49. Nc8+ Kc5 50. Rxb6 Kxc4 51. Rxf6 b2 52. Rb6 Rb3
53. Nd6+ Kc3 54. Ne4+ Kc2 55. Rxb3 Kxb3 56. Nd2+ Kc3 57. Nb1+ Kc2 58. Na3+ Kb3
59. Nb1 Kc2 60. Na3+ 1/2-1/2

[Event "Gausdal Classics GM-B"]
[Site "Gausdal NOR"]
[Date "2005.04.18"]
[Round "6.4"]
[White "Howell, David"]
[Black "Ward, Chris"]
[Result "1-0"]
[WhiteElo "2413"]
[BlackElo "2485"]
[PlyCount "79"]
[EventDate "2005.04.14"]
[EventType "tourn"]
[EventRounds "9"]
[EventCountry "NOR"]
[EventCategory "7"]
[Source "lmi"]
[SourceDate "2005.04.22"]

1. e4 c5 2. c3 d5 3. exd5 Qxd5 4. d4 Nc6 5. Nf3 Bg4 6. dxc5 Qxd1+ 7. Kxd1 e5 8.
b4 a5 9. Bb5 Nge7 10. Kc2 Bxf3 11. gxf3 axb4 12. cxb4 O-O-O 13. Bxc6 Nxc6 14.
a3 Nd4+ 15. Kc3 b6 16. Be3 Nxf3 17. cxb6 e4 18. Kb3 Nd4+ 19. Kc4 Nc2 20. Nc3
Nxa1 21. Rxa1 Bd6 22. Nxe4 Bxh2 23. a4 Be5 24. Ra3 f5 25. Nc3 h5 26. a5 h4 27.
a6 h3 28. b7+ Kd7 29. a7 h2 30. Ra1 Kc6 31. b8=Q Rh4+ 32. Kb3 Rxb8 33. axb8=Q
Bxb8 34. b5+ Kb7 35. Rh1 f4 36. Bd4 f3 37. Bxg7 Rg4 38. Bh6 Rg1 39. Rxh2 Bxh2
40. Ne4 1-0

[Event "Gausdal Classics GM-B"]
[Site "Gausdal NOR"]
[Date "2005.04.19"]
[Round "7.2"]
[White "Ward, Chris"]
[Black "Tallaksen, Geir Sune"]
[Result "1/2-1/2"]
[WhiteElo "2485"]
[BlackElo "2326"]
[PlyCount "45"]
[EventDate "2005.04.14"]
[EventType "tourn"]
[EventRounds "9"]
[EventCountry "NOR"]
[EventCategory "7"]
[Source "lmi"]
[SourceDate "2005.04.22"]

1. d4 Nf6 2. c4 e6 3. Nc3 Bb4 4. Bg5 c5 5. d5 d6 6. e3 Bxc3+ 7. bxc3 Qe7 8. Nf3
Nbd7 9. Bd3 O-O 10. O-O exd5 11. cxd5 Ne5 12. Nxe5 Qxe5 13. f4 Qxe3+ 14. Kh1
Ne4 15. Bxe4 Qxe4 16. Re1 Qg6 17. Be7 Re8 18. Re3 Bf5 19. Rg3 Qh6 20. Bg5 Qg6
21. Be7 Qh6 22. Bg5 Qg6 23. Be7 1/2-1/2

[Event "Gausdal Classics GM-B"]
[Site "Gausdal NOR"]
[Date "2005.04.19"]
[Round "7.3"]
[White "Barkhagen, Jonas"]
[Black "Howell, David"]
[Result "1/2-1/2"]
[WhiteElo "2461"]
[BlackElo "2416"]
[PlyCount "79"]
[EventDate "2005.04.14"]
[EventType "tourn"]
[EventRounds "9"]
[EventCountry "NOR"]
[EventCategory "7"]
[Source "lmi"]
[SourceDate "2005.04.22"]

1. d4 Nf6 2. c4 g6 3. Nc3 d5 4. Bg5 Ne4 5. Bf4 Nxc3 6. bxc3 Bg7 7. e3 c5 8. Nf3
O-O 9. cxd5 cxd4 10. cxd4 Qxd5 11. Be2 Nc6 12. O-O Bf5 13. Qa4 Qa5 14. Qb3 Qb4
15. Rfc1 Rac8 16. Bc4 Qxb3 17. axb3 a6 18. Bd5 Bd3 19. Nd2 Rfd8 20. Bf3 f6 21.
Ne4 e5 22. dxe5 Nxe5 23. Bxe5 fxe5 24. Rxc8 Rxc8 25. Nd6 Rc3 26. Bxb7 Bf8 27.
Ne4 Bxe4 28. Bxe4 Ba3 29. Kf1 Rc1+ 30. Rxc1 Bxc1 31. Ke2 Kg7 32. Kd3 a5 33. Kc4
Kf6 34. Kd5 Bd2 35. g3 Bc1 36. h4 Bd2 37. g4 Be1 38. g5+ Ke7 39. f4 exf4 40.
exf4 1/2-1/2

[Event "Gausdal Classics GM-B"]
[Site "Gausdal NOR"]
[Date "2005.04.19"]
[Round "7.5"]
[White "Greet, Andrew"]
[Black "Akesson, Ralf"]
[Result "0-1"]
[WhiteElo "2403"]
[BlackElo "2461"]
[PlyCount "82"]
[EventDate "2005.04.14"]
[EventType "tourn"]
[EventRounds "9"]
[EventCountry "NOR"]
[EventCategory "7"]
[Source "lmi"]
[SourceDate "2005.04.22"]

1. d4 Nf6 2. Nf3 e6 3. c4 d5 4. Nc3 dxc4 5. e4 Bb4 6. Bg5 c5 7. Bxc4 cxd4 8.
Nxd4 Bxc3+ 9. bxc3 Qa5 10. Bb5+ Bd7 11. Bxf6 gxf6 12. Qb3 Bxb5 13. Nxb5 O-O 14.
O-O Nc6 15. Rfd1 Rad8 16. c4 Rxd1+ 17. Rxd1 Rd8 18. Rxd8+ Qxd8 19. h3 Qd2 20.
Qg3+ Qg5 21. Kh2 Qxg3+ 22. Kxg3 Kf8 23. Kh4 Ke7 24. Kh5 a6 25. Nc3 Ne5 26. Kh6
Nxc4 27. Kxh7 Kf8 28. Na4 a5 29. h4 b5 30. Nc5 a4 31. h5 a3 32. h6 Ne5 33. f4
Ng4 34. g3 b4 35. Nb3 Nf2 36. Kh8 Nxe4 37. g4 e5 38. f5 Ng5 39. h7 e4 40. Nc5
e3 41. Ne6+ fxe6 0-1

[Event "Gausdal Classics GM-B"]
[Site "Gausdal NOR"]
[Date "2005.04.20"]
[Round "8.1"]
[White "Michalczak, Thomas"]
[Black "Akesson, Ralf"]
[Result "0-1"]
[WhiteElo "2369"]
[BlackElo "2481"]
[PlyCount "110"]
[EventDate "2005.04.14"]
[EventType "tourn"]
[EventRounds "9"]
[EventCountry "NOR"]
[EventCategory "7"]
[Source "lmi"]
[SourceDate "2005.04.22"]

1. e4 c5 2. c3 d5 3. exd5 Qxd5 4. d4 Nf6 5. Nf3 Bg4 6. dxc5 Qxc5 7. h3 Bxf3 8.
Qxf3 Nc6 9. Na3 e6 10. Nb5 Qe5+ 11. Be2 Nd5 12. c4 Bb4+ 13. Kf1 Nf6 14. Rb1 Rd8
15. Bf4 Qf5 16. Rc1 Bd2 17. Bxd2 Rxd2 18. Qe3 Rd7 19. g4 Qe4 20. Bf3 Qxe3 21.
fxe3 Ne5 22. Ke2 Nxf3 23. Kxf3 Rd2 24. Nxa7 Ke7 25. Rhd1 Rh2 26. Rh1 Rxh1 27.
Rxh1 Ra8 28. Nb5 Rxa2 29. Rh2 Nd7 30. Nc3 Ra1 31. Ke4 Rc1 32. Kd4 b6 33. b4 Nb8
34. c5 Nc6+ 35. Kc4 Ne5+ 36. Kb3 bxc5 37. bxc5 Nd3 38. Kc4 Nxc5 39. Kxc5 Rxc3+
40. Kd4 Rc1 41. Ke4 Rf1 42. g5 Kf8 43. h4 g6 44. h5 gxh5 45. Rxh5 Kg8 46. Kd4
Rd1+ 47. Kc4 Kg7 48. Kc3 Rd7 49. e4 Kg6 50. Rh6+ Kxg5 51. Rxh7 Kf4 52. Rh4+ Ke5
53. Rg4 f6 54. Rh4 Rd8 55. Rg4 Rd4 0-1

[Event "Gausdal Classics GM-B"]
[Site "Gausdal NOR"]
[Date "2005.04.20"]
[Round "8.2"]
[White "Reinderman, Dimitri"]
[Black "Greet, Andrew"]
[Result "1/2-1/2"]
[WhiteElo "2509"]
[BlackElo "2403"]
[PlyCount "40"]
[EventDate "2005.04.14"]
[EventType "tourn"]
[EventRounds "9"]
[EventCountry "NOR"]
[EventCategory "7"]
[Source "lmi"]
[SourceDate "2005.04.22"]

1. d4 Nf6 2. c4 e6 3. Nc3 Bb4 4. Qc2 c5 5. dxc5 O-O 6. a3 Bxc5 7. Nf3 Qb6 8. e3
Qc7 9. b4 Be7 10. Bb2 a5 11. Nb5 Qd8 12. bxa5 Qxa5+ 13. Bc3 Qa4 14. Bd3 Qxc2
15. Bxc2 Na6 16. Ke2 Nc5 17. Bb4 b6 18. Rhd1 Bb7 19. a4 d5 20. Ne5 Rfc8 1/2-1/2

[Event "Gausdal Classics GM-B"]
[Site "Gausdal NOR"]
[Date "2005.04.20"]
[Round "8.3"]
[White "Howell, David"]
[Black "Hammer, Jon Ludvig"]
[Result "1-0"]
[WhiteElo "2416"]
[BlackElo "2303"]
[PlyCount "111"]
[EventDate "2005.04.14"]
[EventType "tourn"]
[EventRounds "9"]
[EventCountry "NOR"]
[EventCategory "7"]
[Source "lmi"]
[SourceDate "2005.04.22"]

1. e4 e5 2. f4 Nc6 3. Nc3 exf4 4. Nf3 g5 5. h4 g4 6. Ng5 d6 7. d4 h6 8. Nxf7
Kxf7 9. Bc4+ Kg7 10. Bxf4 Be7 11. O-O Na5 12. Be2 h5 13. Qd2 Nc6 14. Bc4 Na5
15. Bxg8 Rxg8 16. Nd5 Bxh4 17. g3 Be7 18. Nxe7 Qxe7 19. Qxa5 b6 20. Qxh5 Rh8
21. Qg5+ Qxg5 22. Bxg5 Kg6 23. Bf6 Rf8 24. e5 Bb7 25. Rae1 Rae8 26. Re3 Bf3 27.
Rfe1 d5 28. Bh4 Re6 29. Ra3 a5 30. Rc3 Rc8 31. Kf2 Kf5 32. Ke3 c5 33. Kd2 c4
34. Ra3 Rc7 35. Rb1 Rec6 36. Kc3 Ra7 37. Kd2 b5 38. Bd8 Rca6 39. Re3 Rh7 40.
Bh4 Rc7 41. Bd8 Rh7 42. Bh4 Rc7 43. Rbe1 Ke6 44. a3 Ra8 45. Rf1 Ra6 46. Rb1 Be4
47. Rxe4 dxe4 48. Ke3 Kd5 49. Rf1 a4 50. c3 b4 51. Rf8 bxa3 52. Rd8+ Kc6 53.
bxa3 Rb7 54. e6 Raa7 55. Kxe4 Rh7 56. d5+ 1-0

[Event "Gausdal Classics GM-B"]
[Site "Gausdal NOR"]
[Date "2005.04.20"]
[Round "8.4"]
[White "Tallaksen, Geir Sune"]
[Black "Barkhagen, Jonas"]
[Result "1/2-1/2"]
[WhiteElo "2326"]
[BlackElo "2461"]
[PlyCount "22"]
[EventDate "2005.04.14"]
[EventType "tourn"]
[EventRounds "9"]
[EventCountry "NOR"]
[EventCategory "7"]
[Source "lmi"]
[SourceDate "2005.04.22"]

1. d4 Nf6 2. c4 e6 3. Nf3 b6 4. a3 Bb7 5. Nc3 d5 6. cxd5 Nxd5 7. Qc2 Nxc3 8.
bxc3 Nd7 9. e4 c5 10. Bf4 cxd4 11. cxd4 Rc8 1/2-1/2

[Event "Gausdal Classics GM-B"]
[Site "Gausdal NOR"]
[Date "2005.04.21"]
[Round "9.3"]
[White "Hammer, Jon Ludvig"]
[Black "Tallaksen, Geir Sune"]
[Result "1/2-1/2"]
[WhiteElo "2303"]
[BlackElo "2326"]
[PlyCount "109"]
[EventDate "2005.04.14"]
[EventType "tourn"]
[EventRounds "9"]
[EventCountry "NOR"]
[EventCategory "7"]
[Source "lmi"]
[SourceDate "2005.04.22"]

1. e4 e5 2. Nf3 Nc6 3. Bb5 a6 4. Ba4 Nf6 5. Bxc6 dxc6 6. d3 Nd7 7. Nbd2 Bd6 8.
Nc4 O-O 9. h4 f5 10. exf5 Rxf5 11. Ng5 Qe7 12. Qe2 Nc5 13. Be3 Ne6 14. Nxe6
Bxe6 15. Nd2 Bc5 16. a3 Raf8 17. Bxc5 Qxc5 18. Ne4 Qd5 19. f3 Rf4 20. Nc3 Qd6
21. O-O-O Bd5 22. Qe3 Qh6 23. Ne2 Rxh4 24. Qxh6 Rxh6 25. Rxh6 gxh6 26. Kd2 Rf6
27. Ke3 Rg6 28. g4 h5 29. gxh5 Rg5 30. Rh1 Rg2 31. c4 Be6 32. Rg1 Rxg1 33. Nxg1
Kg7 34. f4 exf4+ 35. Kxf4 Kh6 36. Nf3 Kxh5 37. Ng5 Bc8 38. Nxh7 Kg6 39. Ng5 Kf6
40. d4 Ke7 41. Ke5 Bg4 42. Ne4 Bh3 43. Nc5 Bc8 44. a4 a5 45. Nb3 b6 46. c5 Bg4
47. Nd2 Bd1 48. cxb6 cxb6 49. Nc4 Bxa4 50. Nxb6 Bb3 51. Nc8+ Kd7 52. Nd6 Kc7
53. Ne4 Bd5 54. Nc3 Bb3 55. Ne4 1/2-1/2

[Event "Gausdal Classics GM-B"]
[Site "Gausdal NOR"]
[Date "2005.04.21"]
[Round "9.4"]
[White "Greet, Andrew"]
[Black "Howell, David"]
[Result "1-0"]
[WhiteElo "2403"]
[BlackElo "2413"]
[PlyCount "143"]
[EventDate "2005.04.14"]
[EventType "tourn"]
[EventRounds "9"]
[EventCountry "NOR"]
[EventCategory "7"]
[Source "lmi"]
[SourceDate "2005.04.22"]

1. e4 e5 2. Nf3 Nc6 3. Bb5 Nf6 4. O-O Nxe4 5. d4 Nd6 6. Bxc6 dxc6 7. dxe5 Nf5
8. Qxd8+ Kxd8 9. Nc3 Ne7 10. Nd4 c5 11. Nf3 Bf5 12. Ng5 Be6 13. Rd1+ Kc8 14.
Nxe6 fxe6 15. Ne4 Nc6 16. Ng5 Nd8 17. Rxd8+ Kxd8 18. Nf7+ Ke8 19. Nxh8 Be7 20.
Be3 Rd8 21. Kf1 Rd5 22. f4 Kf8 23. c4 Rd8 24. Ke2 Kg8 25. Ng6 hxg6 26. Rd1 Rc8
27. Kf3 Kf7 28. h3 b6 29. Kg4 Rd8 30. Rxd8 Bxd8 31. Bf2 c6 32. Bh4 Bc7 33. a4
Ke8 34. b3 Kf7 35. Kf3 Ke8 36. Bg5 Kf7 37. Kg3 Ke8 38. Kg4 Kf7 39. h4 Ke8 40.
h5 gxh5+ 41. Kxh5 Kf7 42. Bh4 a6 43. g4 b5 44. Bf2 g6+ 45. Kh4 bxc4 46. bxc4
Bb6 47. Kg5 Bd8+ 48. Kh6 Be7 49. Kh7 Bd8 50. Bxc5 Bh4 51. Be3 Bg3 52. Kh6 Bh4
53. Bd2 Bd8 54. Be1 Bb6 55. Bg3 Ba5 56. Bf2 Bd8 57. Be1 Bb6 58. Bd2 Bd8 59. g5
Bb6 60. f5 exf5 61. e6+ Kxe6 62. Kxg6 Bd4 63. Kh7 Ke5 64. g6 Ke4 65. Be1 c5 66.
Bf2 Ba1 67. Bxc5 Kd3 68. Bd4 f4 69. g7 f3 70. g8=Q Bxd4 71. Qg6+ Kd2 72. Qe4
1-0

[Event "Gausdal Classics GM-B"]
[Site "Gausdal NOR"]
[Date "2005.04.21"]
[Round "9.5"]
[White "Akesson, Ralf"]
[Black "Reinderman, Dimitri"]
[Result "1-0"]
[WhiteElo "2465"]
[BlackElo "2509"]
[PlyCount "77"]
[EventDate "2005.04.14"]
[EventType "tourn"]
[EventRounds "9"]
[EventCountry "NOR"]
[EventCategory "7"]
[Source "lmi"]
[SourceDate "2005.04.22"]

1. Nf3 c5 2. c4 g6 3. e4 Bg7 4. d4 cxd4 5. Nxd4 Nc6 6. Be3 Nf6 7. Nc3 O-O 8.
Be2 d6 9. O-O Bd7 10. Qd2 Nxd4 11. Bxd4 Bc6 12. f3 a5 13. Rab1 Nd7 14. Be3 Nc5
15. b3 Qb6 16. Rfc1 Rfc8 17. Rc2 Qd8 18. Bf1 h5 19. Qd1 Kh7 20. Ne2 Ne6 21. Qd2
Qh8 22. Rd1 b5 23. Nc3 b4 24. Nd5 Bxd5 25. Qxd5 Qe8 26. f4 Qc6 27. g3 a4 28.
Bh3 axb3 29. axb3 Ra3 30. Bxe6 fxe6 31. Qxe6 Rxb3 32. Bd4 Bxd4+ 33. Rxd4 Qc5
34. Rcd2 Rb1+ 35. Kg2 b3 36. Qxe7+ Kh6 37. Rxd6 b2 38. Rxg6+ Kxg6 39. Qe6+ 1-0